C programming language (Record no. 158659)
[ view plain ]
| 000 -LEADER | |
|---|---|
| fixed length control field | 00608nam a2200241Ia 4500 |
| 003 - CONTROL NUMBER IDENTIFIER | |
| control field | OSt |
| 005 - DATE AND TIME OF LATEST TRANSACTION | |
| control field | 20250627110756.0 |
| 008 - FIXED-LENGTH DATA ELEMENTS--GENERAL INFORMATION | |
| fixed length control field | 210423s1988 xx 000 0 und d |
| 020 ## - INTERNATIONAL STANDARD BOOK NUMBER | |
| International Standard Book Number | 9788120305960 |
| 040 ## - CATALOGING SOURCE | |
| Transcribing agency | AL |
| 041 ## - LANGUAGE CODE | |
| Language code of text/sound track or separate title | eng |
| 082 ## - DEWEY DECIMAL CLASSIFICATION NUMBER | |
| Classification number | 005.1301 |
| Edition number | 23 |
| Item number | KERC |
| 100 ## - MAIN ENTRY--PERSONAL NAME | |
| Personal name | Brian W Kernigham |
| 9 (RLIN) | 65022 |
| 245 ## - TITLE STATEMENT | |
| Title | C programming language |
| 250 ## - EDITION STATEMENT | |
| Edition statement | 2 |
| 260 ## - PUBLICATION, DISTRIBUTION, ETC. | |
| Place of publication, distribution, etc. | New Delhi |
| Name of publisher, distributor, etc. | PHI Learning Pvt Ltd |
| Date of publication, distribution, etc. | 1988 |
| 300 ## - PHYSICAL DESCRIPTION | |
| Extent | xii,272 |
| Other physical details | PB |
| 365 ## - TRADE PRICE | |
| Price amount | 150 |
| Currency code | INR |
| 650 ## - SUBJECT ADDED ENTRY--TOPICAL TERM | |
| Topical term or geographic name entry element | Computer Programming |
| 9 (RLIN) | 65023 |
| 650 ## - SUBJECT ADDED ENTRY--TOPICAL TERM | |
| Topical term or geographic name entry element | General |
| 9 (RLIN) | 65024 |
| 906 ## - LOCAL DATA ELEMENT F, LDF (RLIN) | |
| a | C ; language. ; programming |
| 942 ## - ADDED ENTRY ELEMENTS (KOHA) | |
| Source of classification or shelving scheme | Dewey Decimal Classification |
| Koha item type | Book |
| Withdrawn status | Lost status | Source of classification or shelving scheme | Damaged status | Not for loan | Collection code | Home library | Current library | Date acquired | Source of acquisition | Cost, normal purchase price | Total Checkouts | Full call number | Barcode | Date last seen | Price effective from | Koha item type |
|---|---|---|---|---|---|---|---|---|---|---|---|---|---|---|---|---|
| Dewey Decimal Classification | Mathematics | St Aloysius PG Library | St Aloysius PG Library | 08/12/2010 | Higginbothams Pvt Ltd | 150.00 | 005.1301 KERC | PG005136 | 08/24/2022 | 04/26/2021 | Book | |||||
| Dewey Decimal Classification | Mathematics | St Aloysius PG Library | St Aloysius PG Library | 08/12/2010 | Higginbothams Pvt Ltd | 150.00 | 005.1301 KERC | PG005137 | 08/24/2022 | 04/26/2021 | Book | |||||
| Dewey Decimal Classification | Mathematics | St Aloysius PG Library | St Aloysius PG Library | 08/12/2010 | Higginbothams Pvt Ltd | 150.00 | 005.1301 KERC | PG005138 | 08/24/2022 | 04/26/2021 | Book |